000 00488nam a2200181Ia 4500
003 OSt
005 20241126110329.0
008 160523b xxu||||| |||| 00| 0 eng d
020 _a0800754506
040 _cGBC
082 _a266 COL
100 _4COLEMAN, ROBERT E
245 _aTHE GREAT COMMISSION LIFESTYLE:
_bCONFORMING YOUR LIFE TO KINGDOM PRIORITIES
260 _aGRAND RAPIDS:
_bFleming H Revell
_c1992
300 _a126p
653 _aMission--Great commission
942 _2ddc
_cBK
_02
999 _c85
_d85